| 000 | 00691nam a22002171 4500 | ||
|---|---|---|---|
| 001 | 142205 | ||
| 003 | ES-MaACL | ||
| 005 | 20230906200453.0 | ||
| 007 | t| | ||
| 008 | 071003s1945 sp ||||0| spa d | ||
| 016 | 7 | _zIND2000946675 | |
| 040 |
_aM-BN _bspa _cCDM |
||
| 080 | _a92(Stalin, Josef) | ||
| 100 | 1 |
_aWindecke, Christian. _9117062 |
|
| 245 | 1 | 3 |
_aLa ascensión de Stalin _b: (del seminario al Kremlim) / _cCh. Windecke ; traducción de M. Suárez y M. Rojas. |
| 260 |
_aMadrid : _bM. L. C, _c1945 ( _fGráfica Literaria) |
||
| 300 |
_a200 p., 6 h. de lám ; _c21 cm. |
||
| 700 | 1 |
_aSuárez, M. _9108571 |
|
| 700 | 1 |
_aRojas, M. _999051 |
|
| 852 |
_aES-MaACL _jB-10287 _bR.21963 |
||
| 999 |
_c142205 _d142205 |
||